| 000 | 00884nas a2200289 4500 | ||
|---|---|---|---|
| 001 | BR0601615 | ||
| 003 | BR-BrBNA | ||
| 005 | 20231205105934.0 | ||
| 007 | ta | ||
| 008 | 230509b bl.|||p| |||| 00| 00por d | ||
| 040 |
_aBR-BrBNA _bpor _cBiblioteca Nacional de Agricultura |
||
| 041 | _a(Pt) | ||
| 072 | _aQ52; L51 | ||
| 100 | 1 | _aSarti, L.L. | |
| 100 | 1 | _aJobim, C.C. | |
| 100 | 1 | _aBranco, A.F. | |
| 100 | 1 | _aJacobs, F. | |
| 245 | 1 | _aDegradação ruminal da matéria seca, da proteína bruta e da fração fibra de silagens de milho e de capim-elefante | |
| 650 | _aCAPIM ELEFANTE | ||
| 650 | _aSILAGEM | ||
| 650 | _aMILHO | ||
| 650 | _aPROTEÍNA BRUTA | ||
| 650 | _aNUTRIÇÃO ANIMAL | ||
| 773 | 0 |
_tCiência Animal Brasileira (Brazil) _xISSN 1518-2797 _g(Jan-Mar 2005), v. 6(1) p. 1-10 _wBR0601615 |
|
| 909 |
_a202311 _bLúcia _c55 _dLúcia Elande |
||
| 942 |
_2AGRIS _n0 _cANA |
||
| 999 |
_c185453 _d185453 |
||